UBT Library

Textbook of microbiology. (Record no. 42889)

000 -LEADER
fixed length control field 00626cam a22002291 4500
001 - CONTROL NUMBER
control field 7013385
005 - DATE AND TIME OF LATEST TRANSACTION
control field 20180220041116.0
008 - FIXED-LENGTH DATA ELEMENTS--GENERAL INFORMATION
fixed length control field 741125s1959 paua 000 0 eng
010 ## - LIBRARY OF CONGRESS CONTROL NUMBER
LC control number 59005954
015 ## - NATIONAL BIBLIOGRAPHY NUMBER
National bibliography number GB59-5770
035 ## - SYSTEM CONTROL NUMBER
System control number (OCoLC)1087222
040 ## - CATALOGING SOURCE
Original cataloging agency DLC
Transcribing agency MBNU
Modifying agency OCoLC
-- GAuM
-- Uk
-- DLC
041 ## - LANGUAGE CODE
Language code of text/sound track or separate title eng
042 ## - AUTHENTICATION CODE
Authentication code premarc
080 ## - UNIVERSAL DECIMAL CLASSIFICATION NUMBER
Universal Decimal Classification number 616.01
082 ## - DEWEY DECIMAL CLASSIFICATION NUMBER
Classification number 616.01 BUR
100 1# - Rafti
Rafti 11
101 ## - Shkurtesa
Shkurtesa MIK
245 00 - TITLE STATEMENT
Title Textbook of microbiology.
Statement of responsibility, etc With the collaboration of Richard Janvier Porter [and] James William Moulder.
906 ## - LOCAL DATA ELEMENT F, LDF (RLIN)
a 7
b cbc
c oclcrpl
d u
e ncip
f 19
g y-gencatlg
942 ## - ADDED ENTRY ELEMENTS (KOHA)
Source of classification or shelving scheme
Item type Books
Holdings
Withdrawn status Lost status Source of classification or shelving scheme Damaged status Not for loan Collection code Permanent location Current location Shelving location Date acquired Total Checkouts Full call number Barcode Date last seen Price effective from Koha item type
          Koleksioni i përgjithshem UBT - Lipjan UBT - Lipjan Koleksioni i përgjithshem 02/20/2018   616.01 BUR 002-2998834 02/20/2018 02/20/2018 Books
UBT Library © 2015-2024. All rights reserved University Education for Business and Technology